[Event "Leipzig VfB op 21st"]
[Site "Leipzig"]
[Date "2014.03.06"]
[Round "4"]
[White "Dobierzin, Olaf"]
[Black "Schmuecker, Felix"]
[Result "0-1"]
[WhiteElo "1977"]
[BlackElo "2120"]
[PlyCount "58"]
[EventDate "2014.03.04"]
[EventType "tourn"]
[EventRounds "9"]
[EventCountry "GER"]
[SourceTitle "CBM 159 Extra"]
[Source "ChessBase"]
[SourceDate "2014.04.24"]
[SourceVersion "1"]
[SourceVersionDate "2014.04.24"]
[SourceQuality "1"]

1. e4 c5 2. Nf3 e6 3. d4 cxd4 4. Nxd4 a6 5. Bd3 Nf6 6. 0-0 Qc7 7. Nc3 Nc6 8. Nb3 b5 9. f4 d6 10. Qe2 Bb7 11. Bd2 Be7 12. a3 0-0 13. Rae1 Nd7 14. Rf3 g6 15. Rh3 b4 16. Nd5 exd5 17. exd5 bxa3 18. dxc6 Qxc6 19. Na5 Qb6+ 20. Qe3 Bd8 21. Nxb7 Qxb7 22. Bc3 Bb6 23. Bd4 Rae8 24. Be4 d5 25. Rxh7 Bxd4 26. Qxd4 Kxh7 27. Re3 f6 28. Rh3+ Kg7 29. Bxd5 axb2 0-1

[Event "Leipzig VfB op 21st"]
[Site "Leipzig"]
[Date "2014.03.05"]
[Round "3"]
[White "Schmuecker, Felix"]
[Black "Kuehnl, Bernd"]
[Result "1-0"]
[WhiteElo "2120"]
[BlackElo "1848"]
[PlyCount "41"]
[EventDate "2014.03.04"]
[EventType "tourn"]
[EventRounds "9"]
[EventCountry "GER"]
[SourceTitle "CBM 159 Extra"]
[Source "ChessBase"]
[SourceDate "2014.04.24"]
[SourceVersion "1"]
[SourceVersionDate "2014.04.24"]
[SourceQuality "1"]

1. e4 d6 2. d4 Nf6 3. Nc3 g6 4. Be3 Bg7 5. Qd2 Ng4 6. Bg5 f6 7. Bf4 e5 8. dxe5 dxe5 9. Qxd8+ Kxd8 10. 0-0-0+ Bd7 11. Bg3 c6 12. h3 Nh6 13. Bc4 Ke7 14. f4 Be6 15. Bxe6 Kxe6 16. fxe5 fxe5 17. Nf3 Bf6 18. Rd2 Nd7 19. Rhd1 Rad8 20. Na4 Nf7 21. Rxd7 1-0

[Event "Latschach op 29th"]
[Site "Latschach"]
[Date "2013.08.14"]
[Round "6"]
[White "Schmuecker, Felix"]
[Black "Drnovsek, Gal"]
[Result "0-1"]
[WhiteElo "2086"]
[BlackElo "2203"]
[PlyCount "80"]
[EventDate "2013.08.10"]
[EventType "swiss"]
[EventRounds "9"]
[EventCountry "AUT"]
[SourceTitle "CBM 155 Extra"]
[Source "ChessBase"]
[SourceDate "2013.08.26"]
[SourceVersion "1"]
[SourceVersionDate "2013.08.26"]
[SourceQuality "1"]

1. e4 c5 2. Nf3 d6 3. d4 cxd4 4. Nxd4 Nf6 5. Nc3 a6 6. Bg5 e6 7. f4 Be7 8. Qf3 Qc7 9. 0-0-0 Nbd7 10. g4 b5 11. Bxf6 Nxf6 12. g5 Nd7 13. f5 Nc5 14. f6 gxf6 15. gxf6 Bf8 16. Rg1 h5 17. Bh3 b4 18. Nd5 exd5 19. exd5 Bxh3 20. Qxh3 Nd7 21. Ne6 Qc4 22. b3 Qc8 23. Ng7+ Bxg7 24. fxg7 Rg8 25. Qxh5 Qc3 26. Rg3 Qa1+ 27. Kd2 Qd4+ 28. Kc1 Qa1+ 29. Kd2 Qf6 30. Qg4 a5 31. Re1+ Ne5 32. Qc4 Kd8 33. Qb5 Kc7 34. Rxe5 dxe5 35. Qc5+ Kb7 36. Qb5+ Qb6 37. Qd7+ Qc7 38. Qb5+ Ka7 39. h4 e4 40. Rg4 Rab8 0-1

[Event "Latschach op 29th"]
[Site "Latschach"]
[Date "2013.08.11"]
[Round "2"]
[White "Zozulia, Anna"]
[Black "Schmuecker, Felix"]
[Result "1-0"]
[WhiteElo "2316"]
[BlackElo "2086"]
[PlyCount "53"]
[EventDate "2013.08.10"]
[EventType "swiss"]
[EventRounds "9"]
[EventCountry "AUT"]
[SourceTitle "CBM 155 Extra"]
[Source "ChessBase"]
[SourceDate "2013.08.26"]
[SourceVersion "1"]
[SourceVersionDate "2013.08.26"]
[SourceQuality "1"]

1. e4 c5 2. Nf3 e6 3. d4 cxd4 4. Nxd4 a6 5. Bd3 Nf6 6. 0-0 Qc7 7. Nc3 Nc6 8. Nb3 b5 9. f4 d6 10. Qe2 Bb7 11. Bd2 Be7 12. a3 0-0 13. Rae1 Rad8 14. Rf3 Rfe8 15. e5 dxe5 16. fxe5 Nd7 17. Bxh7+ Kxh7 18. Rh3+ Kg8 19. Qh5 f6 20. Nd5 Qc8 21. Qh7+ Kf7 22. Rg3 Rg8 23. Bh6 Nf8 24. Rxg7+ Rxg7 25. Qxg7+ Ke8 26. Nxf6+ Bxf6 27. exf6 1-0

[Event "GER-chT U16"]
[Site "Naumburg"]
[Date "2012.12.30"]
[Round "7"]
[White "Schmuecker, Felix"]
[Black "Koch, Christian1111"]
[Result "0-1"]
[WhiteElo "2038"]
[BlackElo "1742"]
[PlyCount "122"]
[EventDate "2012.12.27"]
[EventType "team-swiss"]
[EventRounds "7"]
[EventCountry "GER"]
[SourceTitle "EXT 2014"]
[Source "ChessBase"]
[SourceDate "2013.11.20"]
[SourceVersion "1"]
[SourceVersionDate "2013.11.20"]
[SourceQuality "1"]
[WhiteTeam "Leipzig BSG"]
[BlackTeam "Hoechstadt/Aisch"]
[WhiteTeamCountry "GER"]
[BlackTeamCountry "GER"]

1. e4 d6 2. d4 Nf6 3. Nc3 g6 4. Be3 Bg7 5. Qd2 0-0 6. f3 Nbd7 7. 0-0-0 Nb6 8. g4 h5 9. gxh5 Nxh5 10. Bd3 d5 11. e5 Nc4 12. Bxc4 dxc4 13. Nge2 Bf5 14. Ng3 e6 15. Bh6 Kh7 16. Bxg7 Kxg7 17. d5 Rh8 18. Nce4 b6 19. Nxh5+ Rxh5 20. Nf6 Rh3 21. Qe2 exd5 22. Nxd5 Qh4 23. Kb1 Rc8 24. Rd2 b5 25. e6 Bxe6 26. Qe5+ Kf8 27. Nxc7 Rxc7 28. Qxc7 Rxf3 29. Qxa7 Qf6 30. Rhd1 Rf1 31. Qd4 Qxd4 32. Rxd4 Rf2 33. R4d2 Rxd2 34. Rxd2 Ke7 35. a4 bxa4 36. c3 f5 37. Ka2 g5 38. Ka3 f4 39. Kxa4 Kf6 40. Kb4 g4 41. Kc5 Kf5 42. Rf2 f3 43. Kd6 Bg8 44. Kc5 Ke4 45. Rd2 Ke3 46. Rd8 Bh7 47. Re8+ Be4 48. Kxc4 f2 49. Rf8 f1Q+ 50. Rxf1 Bd3+ 51. Kc5 Bxf1 52. b4 Kf2 53. b5 Kg1 54. b6 Bg2 55. Kd6 Kxh2 56. c4 Ba8 57. c5 g3 58. c6 g2 59. b7 Bxb7 60. cxb7 g1Q 61. Kc7 Qc5+ 0-1

[Event "GER-chT U16"]
[Site "Naumburg"]
[Date "2012.12.29"]
[Round "6"]
[White "Rosin, Julius"]
[Black "Schmuecker, Felix"]
[Result "0-1"]
[WhiteElo "1905"]
[BlackElo "2038"]
[PlyCount "34"]
[EventDate "2012.12.27"]
[EventType "team-swiss"]
[EventRounds "7"]
[EventCountry "GER"]
[SourceTitle "EXT 2014"]
[Source "ChessBase"]
[SourceDate "2013.11.20"]
[SourceVersion "1"]
[SourceVersionDate "2013.11.20"]
[SourceQuality "1"]
[WhiteTeam "Gottingen Rochade"]
[BlackTeam "Leipzig BSG"]
[WhiteTeamCountry "GER"]
[BlackTeamCountry "GER"]

1. e4 c5 2. Nf3 e6 3. d4 cxd4 4. Nxd4 a6 5. Nc3 Qc7 6. Be3 Bb4 7. Qd2 Nf6 8. a3 Nxe4 9. Bf4 Bxc3 10. bxc3 e5 11. Qe3 0-0 12. Qxe4 Qxc3+ 13. Ke2 exf4 14. Rb1 d5 15. Qd3 Re8+ 16. Kf3 Qc7 17. Be2 Nd7 0-1

[Event "GER-chT U16"]
[Site "Naumburg"]
[Date "2012.12.29"]
[Round "5"]
[White "Schmuecker, Felix"]
[Black "Vavro, Maximilian"]
[Result "1-0"]
[WhiteElo "2038"]
[BlackElo "1761"]
[PlyCount "77"]
[EventDate "2012.12.27"]
[EventType "team-swiss"]
[EventRounds "7"]
[EventCountry "GER"]
[SourceTitle "EXT 2014"]
[Source "ChessBase"]
[SourceDate "2013.11.20"]
[SourceVersion "1"]
[SourceVersionDate "2013.11.20"]
[SourceQuality "1"]
[WhiteTeam "Leipzig BSG"]
[BlackTeam "Muelheim Nord"]
[WhiteTeamCountry "GER"]
[BlackTeamCountry "GER"]

1. e4 c6 2. d4 d5 3. exd5 cxd5 4. c4 Nf6 5. Nc3 e6 6. Nf3 Be7 7. cxd5 Nxd5 8. Bd3 0-0 9. h4 Nf6 10. Bg5 Nbd7 11. Bc2 h6 12. Qd3 hxg5 13. hxg5 g6 14. gxf6 Bxf6 15. 0-0-0 b6 16. Kb1 Bb7 17. Ne5 Bg7 18. Qh3 Re8 19. Ne4 Bxe4 20. Bxe4 Rc8 21. Bc6 Nxe5 22. dxe5 Qc7 23. Bxe8 Qc2+ 24. Ka1 Rxe8 25. Qe3 Qc6 26. g3 Qb5 27. f4 Rc8 28. Rc1 Rxc1+ 29. Rxc1 Bf8 30. Qd4 Kg7 31. Qd8 Qe2 32. a3 Qf3 33. Rc8 Qh1+ 34. Ka2 Qd5+ 35. Qxd5 exd5 36. Rd8 a5 37. Rxd5 Bc5 38. Rxc5 bxc5 39. Kb3 1-0

[Event "GER-chT U16"]
[Site "Naumburg"]
[Date "2012.12.27"]
[Round "2"]
[White "Tibke, Jonas"]
[Black "Schmuecker, Felix"]
[Result "1/2-1/2"]
[WhiteElo "1776"]
[BlackElo "2038"]
[PlyCount "57"]
[EventDate "2012.12.27"]
[EventType "team-swiss"]
[EventRounds "7"]
[EventCountry "GER"]
[SourceTitle "EXT 2014"]
[Source "ChessBase"]
[SourceDate "2013.11.20"]
[SourceVersion "1"]
[SourceVersionDate "2013.11.20"]
[SourceQuality "1"]
[WhiteTeam "Darmstadt Schachforum"]
[BlackTeam "Leipzig BSG"]
[WhiteTeamCountry "GER"]
[BlackTeamCountry "GER"]

1. e4 c5 2. Nc3 Nc6 3. Bb5 Nd4 4. Bc4 g6 5. Nf3 Bg7 6. Nxd4 cxd4 7. Qf3 Nh6 8. d3 0-0 9. Ne2 Ng4 10. Bxf7+ Rxf7 11. Qxg4 Qc7 12. Qg5 Qxc2 13. Qd2 Qc6 14. 0-0 e5 15. Qb4 a5 16. Qb3 a4 17. Qd1 Qb5 18. f4 d6 19. fxe5 Rxf1+ 20. Qxf1 dxe5 21. Ng3 Be6 22. Bg5 Qxb2 23. Rb1 Qxa2 24. Rxb7 Rf8 25. Rxg7+ Kxg7 26. Bh6+ Kxh6 27. Qxf8+ Kg5 28. Qe7+ Kh6 29. Qf8+ 1/2-1/2

[Event "Magdeburg op 20th"]
[Site "Magdeburg"]
[Date "2012.11.04"]
[Round "4"]
[White "Thinius, Marco"]
[Black "Schmuecker, Felix"]
[Result "1-0"]
[WhiteElo "2361"]
[BlackElo "2061"]
[PlyCount "87"]
[EventDate "2012.10.27"]
[EventType "swiss"]
[EventRounds "7"]
[EventCountry "GER"]
[SourceTitle "EXT 2015"]
[Source "ChessBase"]
[SourceDate "2014.11.20"]
[SourceVersion "1"]
[SourceVersionDate "2014.11.20"]
[SourceQuality "1"]

1. c4 Nf6 2. g3 c5 3. Bg2 d5 4. cxd5 Nxd5 5. Nc3 Nc7 6. Nf3 Nc6 7. 0-0 e5 8. a3 Be7 9. b4 f6 10. bxc5 Bxc5 11. Qb3 Rb8 12. Ng5 fxg5 13. Bxc6+ bxc6 14. Qxb8 0-0 15. d3 Bd4 16. Bd2 Nd5 17. Ne4 Bxa1 18. Rxa1 Nf6 19. Qxe5 Re8 20. Qxg5 Nxe4 21. dxe4 Qd4 22. Rc1 Qxe4 23. Bc3 Qe7 24. Qxe7 Rxe7 25. Rc2 Ba6 26. Kf1 c5 27. f3 Kf7 28. Kf2 Ke6 29. e4 Bd3 30. Rd2 c4 31. Ke3 Kd7 32. Rb2 Kc6 33. g4 g6 34. a4 Re6 35. Rb8 Re7 36. Bd4 Rb7 37. Rxb7 Kxb7 38. f4 a5 39. f5 gxf5 40. gxf5 Kc6 41. Bc3 Bc2 42. Bxa5 Bxa4 43. Bc3 Kd7 44. Kf4 1-0

[Event "Latschach op 28th"]
[Site "Latschach"]
[Date "2012.08.18"]
[Round "9"]
[White "Breedveld, Andre"]
[Black "Schmuecker, Felix"]
[Result "1/2-1/2"]
[WhiteElo "2093"]
[BlackElo "2035"]
[PlyCount "33"]
[EventDate "2012.08.11"]
[EventType "swiss"]
[EventRounds "9"]
[EventCountry "AUT"]
[SourceTitle "CBM 149 Extra"]
[Source "ChessBase"]
[SourceDate "2012.08.24"]
[SourceVersion "1"]
[SourceVersionDate "2012.08.24"]
[SourceQuality "1"]

1. c4 Nf6 2. Nf3 c5 3. d4 cxd4 4. Nxd4 b6 5. Nc3 Bb7 6. f3 a6 7. e4 d6 8. Be3 Nbd7 9. Be2 e6 10. 0-0 Be7 11. Qd2 0-0 12. Rfd1 Rc8 13. Bf1 Qc7 14. Rac1 Qb8 15. Kh1 Bd8 16. Bg1 Bc7 17. Ra1 1/2-1/2

[Event "Latschach op 28th"]
[Site "Latschach"]
[Date "2012.08.17"]
[Round "8"]
[White "Schmuecker, Felix"]
[Black "Posch, Roland"]
[Result "1-0"]
[WhiteElo "2035"]
[BlackElo "2122"]
[PlyCount "145"]
[EventDate "2012.08.11"]
[EventType "swiss"]
[EventRounds "9"]
[EventCountry "AUT"]
[SourceTitle "CBM 149 Extra"]
[Source "ChessBase"]
[SourceDate "2012.08.24"]
[SourceVersion "1"]
[SourceVersionDate "2012.08.24"]
[SourceQuality "1"]

1. e4 e5 2. Nf3 Nc6 3. d4 exd4 4. Bc4 Nf6 5. e5 d5 6. Bb5 Ne4 7. Nxd4 Bd7 8. Bxc6 bxc6 9. 0-0 Bc5 10. Be3 Qe7 11. Re1 0-0 12. f3 Ng5 13. Nc3 Ne6 14. Qd2 Rfb8 15. Nxe6 Bxe6 16. Na4 Bxe3+ 17. Qxe3 Qb4 18. b3 d4 19. Qd3 c5 20. f4 g6 21. c3 dxc3 22. Nxc3 Rd8 23. Qf3 Bf5 24. Rad1 Bg4 25. Qxg4 Qxc3 26. e6 f5 27. e7 Re8 28. Qe2 Kg7 29. Kf1 Qf6 30. Rd7 Rac8 31. Qc4 Qh4 32. Qxc5 Qxh2 33. Qe5+ Kf7 34. Kf2 Qh4+ 35. Kg1 Qg3 36. Re2 Qg4 37. Kf1 Qh4 38. Rxc7 Rxc7 39. Qxc7 Rxe7 40. Rxe7+ Qxe7 41. Qc4+ Kg7 42. Qd4+ Kh6 43. b4 Qc7 44. Qd2 Qc4+ 45. Kf2 a6 46. g3 Kg7 47. Qb2+ Kf7 48. a4 Ke6 49. b5 axb5 50. axb5 Qc5+ 51. Kg2 Qd5+ 52. Kh2 Qb7 53. Qe5+ Kf7 54. Qe2 Qb6 55. Kg2 Qb7+ 56. Kf2 Qb6+ 57. Ke1 h6 58. Kd2 Qa5+ 59. Kc2 Qa2+ 60. Kd3 Qd5+ 61. Kc3 Qb7 62. Kb4 Qb6 63. Qc4+ Ke8 64. Qc5 Qb7 65. Qd6 Qe4+ 66. Ka5 Qe1+ 67. Kb6 Qe3+ 68. Kb7 Qxg3 69. b6 h5 70. Kc7 Kf7 71. b7 Qc3+ 72. Qc6 Qa5+ 73. Kc8 1-0

[Event "Latschach op 28th"]
[Site "Latschach"]
[Date "2012.08.16"]
[Round "7"]
[White "Schmuecker, Felix"]
[Black "Salmoiraghi, Angelo"]
[Result "0-1"]
[WhiteElo "2035"]
[BlackElo "2180"]
[PlyCount "74"]
[EventDate "2012.08.11"]
[EventType "swiss"]
[EventRounds "9"]
[EventCountry "AUT"]
[SourceTitle "CBM 149 Extra"]
[Source "ChessBase"]
[SourceDate "2012.08.24"]
[SourceVersion "1"]
[SourceVersionDate "2012.08.24"]
[SourceQuality "1"]

1. e4 c5 2. Nf3 Nc6 3. d4 cxd4 4. Nxd4 Nf6 5. Nc3 d6 6. Bg5 Bd7 7. Qd2 h6 8. Bxf6 gxf6 9. Be2 Nxd4 10. Qxd4 Qa5 11. f4 Rc8 12. 0-0-0 Qc5 13. Qd3 f5 14. e5 Bg7 15. exd6 e6 16. Nb5 0-0 17. Na3 Qb4 18. Qb3 Qxf4+ 19. Rd2 Ba4 20. Qg3 Qb4 21. c3 f4 22. Nc2 Qxb2+ 23. Kxb2 fxg3 24. Nd4 Rfd8 25. hxg3 Rxd6 26. Bd1 Bxd1 27. Rhxd1 Rcd8 28. g4 Bxd4 29. cxd4 Rd5 30. Kc3 Kg7 31. Re1 Kg6 32. Re4 e5 33. Rb2 exd4+ 34. Kd3 b6 35. Re7 R8d7 36. Rbe2 Rxe7 37. Rxe7 Ra5 0-1

[Event "Latschach op 28th"]
[Site "Latschach"]
[Date "2012.08.13"]
[Round "4"]
[White "Furlan, Miha"]
[Black "Schmuecker, Felix"]
[Result "1-0"]
[WhiteElo "2367"]
[BlackElo "2035"]
[PlyCount "101"]
[EventDate "2012.08.11"]
[EventType "swiss"]
[EventRounds "9"]
[EventCountry "AUT"]
[SourceTitle "CBM 149 Extra"]
[Source "ChessBase"]
[SourceDate "2012.08.24"]
[SourceVersion "1"]
[SourceVersionDate "2012.08.24"]
[SourceQuality "1"]

1. e4 c5 2. Nf3 e6 3. d3 d5 4. Qe2 Nf6 5. g3 b6 6. Bg2 dxe4 7. dxe4 Ba6 8. c4 Nc6 9. e5 Nd7 10. 0-0 Qc7 11. Nc3 Rc8 12. Nb5 Bxb5 13. cxb5 Ncxe5 14. Nxe5 Qxe5 15. Qc2 Qc7 16. Bf4 e5 17. Bc6 Bd6 18. Rad1 f6 19. Qd2 Ke7 20. Qxd6+ Qxd6 21. Rxd6 Nb8 22. Bxe5 fxe5 23. Rfd1 Rhd8 24. Rxd8 Rxd8 25. Rxd8 Kxd8 26. Be4 h6 27. f3 Nd7 28. Kf2 Nf6 29. Ke3 Ke7 30. Bc6 Kd6 31. b3 Nd5+ 32. Bxd5 Kxd5 33. Kd3 g6 34. h3 Kd6 35. Ke4 Ke6 36. h4 Kd6 37. g4 Ke6 38. a3 Kd6 39. Ke3 Kd5 40. Kd3 Kd6 41. Ke4 Ke6 42. h5 gxh5 43. gxh5 Kf6 44. f4 exf4 45. Kxf4 Ke6 46. Ke4 Kd6 47. Kf5 Kd5 48. Kg6 Ke6 49. Kxh6 Kf6 50. a4 c4 51. bxc4 1-0

[Event "Latschach op 28th"]
[Site "Latschach"]
[Date "2012.08.12"]
[Round "3"]
[White "Schmuecker, Felix"]
[Black "Sandhoefner, Florian"]
[Result "1/2-1/2"]
[WhiteElo "2035"]
[BlackElo "2227"]
[PlyCount "47"]
[EventDate "2012.08.11"]
[EventType "swiss"]
[EventRounds "9"]
[EventCountry "AUT"]
[SourceTitle "CBM 149 Extra"]
[Source "ChessBase"]
[SourceDate "2012.08.24"]
[SourceVersion "1"]
[SourceVersionDate "2012.08.24"]
[SourceQuality "1"]

1. e4 c5 2. Nf3 d6 3. d4 cxd4 4. Nxd4 Nf6 5. Nc3 a6 6. Bg5 e6 7. f4 Qb6 8. Qd2 Qxb2 9. Rb1 Qa3 10. e5 dxe5 11. fxe5 Nd5 12. Nxd5 exd5 13. Rb3 Qa4 14. Nb5 Qe4+ 15. Re3 Qxe3+ 16. Qxe3 axb5 17. Bxb5+ Nc6 18. Qb6 Bd7 19. 0-0 h6 20. e6 fxe6 21. Bf4 Be7 22. Qc7 Bd8 23. Qd6 Be7 24. Qc7 1/2-1/2

[Event "Leipzig VfB op 19th"]
[Site "Leipzig"]
[Date "2012.03.11"]
[Round "9"]
[White "Schmuecker, Felix"]
[Black "Steiner, Albrecht"]
[Result "1-0"]
[WhiteElo "2037"]
[BlackElo "1968"]
[PlyCount "79"]
[EventDate "2012.03.06"]
[EventType "swiss"]
[EventRounds "9"]
[EventCountry "GER"]
[SourceTitle "CBM 147 Extra"]
[Source "ChessBase"]
[SourceDate "2012.04.24"]
[SourceVersion "1"]
[SourceVersionDate "2012.04.24"]
[SourceQuality "1"]

1. e4 c5 2. Nf3 e6 3. d4 cxd4 4. Nxd4 a6 5. c4 b6 6. Nc3 Bb7 7. Be3 Qc7 8. f3 Nf6 9. a3 Be7 10. Be2 d6 11. 0-0 Nbd7 12. Qe1 Rc8 13. Qf2 Bd8 14. Rfc1 Qb8 15. a4 Bc7 16. g3 0-0 17. b4 Rfe8 18. Nb3 d5 19. exd5 exd5 20. c5 bxc5 21. Nxc5 Nxc5 22. Bxc5 Be5 23. Ra2 Rcd8 24. Bd4 Rc8 25. Rac2 Rcd8 26. b5 axb5 27. Bxb5 Re6 28. Bd3 Qa8 29. Bxe5 Rxe5 30. Qd4 Re7 31. Nb5 Qa5 32. Kf2 Ba6 33. Bf1 h6 34. Rc6 Rb8 35. R6c5 Qb6 36. a5 Qd8 37. Nc7 Bxf1 38. Kxf1 Rc8 39. Nxd5 Rxc5 40. Nxf6+ 1-0

[Event "Leipzig VfB op 19th"]
[Site "Leipzig"]
[Date "2012.03.09"]
[Round "6"]
[White "Riedel, Bert"]
[Black "Schmuecker, Felix"]
[Result "1/2-1/2"]
[WhiteElo "1840"]
[BlackElo "2037"]
[PlyCount "50"]
[EventDate "2012.03.06"]
[EventType "swiss"]
[EventRounds "9"]
[EventCountry "GER"]
[SourceTitle "CBM 147 Extra"]
[Source "ChessBase"]
[SourceDate "2012.04.24"]
[SourceVersion "1"]
[SourceVersionDate "2012.04.24"]
[SourceQuality "1"]

1. b3 d5 2. e3 Nf6 3. c4 e6 4. Bb2 Be7 5. Nf3 0-0 6. Qc2 c5 7. d3 Nc6 8. a3 Qc7 9. Be2 e5 10. cxd5 Nxd5 11. Nbd2 Be6 12. 0-0 Rfc8 13. Rac1 f6 14. Rfe1 Qd7 15. Qb1 Qe8 16. d4 cxd4 17. exd4 Nxd4 18. Nxd4 Rxc1 19. Qxc1 exd4 20. Bxd4 Rc8 21. Qb2 Nf4 22. Bf1 Qg6 23. Ne4 Bd5 24. Ng3 Bd6 25. Qd2 b6 1/2-1/2

[Event "Leipzig VfB op 19th"]
[Site "Leipzig"]
[Date "2012.03.08"]
[Round "5"]
[White "Schmuecker, Felix"]
[Black "Boettger, Lukas"]
[Result "0-1"]
[WhiteElo "2037"]
[BlackElo "2194"]
[PlyCount "84"]
[EventDate "2012.03.06"]
[EventType "swiss"]
[EventRounds "9"]
[EventCountry "GER"]
[SourceTitle "CBM 147 Extra"]
[Source "ChessBase"]
[SourceDate "2012.04.24"]
[SourceVersion "1"]
[SourceVersionDate "2012.04.24"]
[SourceQuality "1"]

1. e4 c5 2. Nf3 d6 3. d4 cxd4 4. Nxd4 Nf6 5. Nc3 a6 6. Bg5 e6 7. f4 Be7 8. Qf3 Qc7 9. 0-0-0 Nbd7 10. g4 b5 11. Bxf6 Nxf6 12. Bg2 Bb7 13. Rhe1 Rc8 14. Qe2 0-0 15. g5 Nd7 16. h4 b4 17. Nb1 Nc5 18. f5 e5 19. f6 exd4 20. fxe7 Qxe7 21. Rxd4 b3 22. a3 bxc2 23. Nd2 Qe5 24. Qe3 Ne6 25. Rb4 Ba8 26. Bf1 Nc5 27. Nc4 Qh2 28. Nb6 Rb8 29. Nxa8 Rxa8 30. Rc4 Rab8 31. Rxc2 Qxh4 32. Bc4 Rbe8 33. Bd5 Re5 34. Rg1 Nxe4 35. Bxf7+ Rxf7 36. Rc8+ Rf8 37. Qb3+ d5 38. Rxf8+ Kxf8 39. Qb8+ Re8 40. Rf1+ Nf6 41. Qd6+ Kg8 42. gxf6 Qc4+ 0-1

[Event "Leipzig VfB op 19th"]
[Site "Leipzig"]
[Date "2012.03.06"]
[Round "1"]
[White "Wesemann, Christian"]
[Black "Schmuecker, Felix"]
[Result "0-1"]
[WhiteElo "1659"]
[BlackElo "2037"]
[PlyCount "36"]
[EventDate "2012.03.06"]
[EventType "swiss"]
[EventRounds "9"]
[EventCountry "GER"]
[SourceTitle "CBM 147 Extra"]
[Source "ChessBase"]
[SourceDate "2012.04.24"]
[SourceVersion "1"]
[SourceVersionDate "2012.04.24"]
[SourceQuality "1"]

1. d4 Nf6 2. Nf3 e6 3. e3 b6 4. c4 Bb7 5. Be2 Be7 6. Nc3 0-0 7. 0-0 d5 8. b3 Nbd7 9. Bb2 dxc4 10. Bxc4 Rc8 11. Rc1 c5 12. dxc5 Rxc5 13. Be2 Rh5 14. h3 Qb8 15. Nh2 Rg5 16. Bf3 Ne5 17. Nb5 Nxf3+ 18. Nxf3 Rxb5 0-1

[Event "GER-chT U14"]
[Site "Lingen"]
[Date "2011.12.28"]
[Round "4.1"]
[White "Schmuecker, Felix"]
[Black "Peczely, Sebastian Zsombor"]
[Result "1-0"]
[WhiteElo "2062"]
[BlackElo "2031"]
[PlyCount "83"]
[EventDate "2011.12.27"]
[EventType "team-swiss"]
[EventRounds "7"]
[EventCountry "GER"]
[SourceTitle "EXT 2022"]
[Source "ChessBase"]
[SourceDate "2021.10.06"]
[SourceVersion "1"]
[SourceVersionDate "2021.10.06"]
[SourceQuality "1"]
[WhiteTeam "Leipzig Gruen Weiss U14"]
[BlackTeam "Leipzig SG U14"]
[WhiteTeamCountry "GER"]
[BlackTeamCountry "GER"]

1. e4 e5 2. Nf3 Nc6 3. d4 exd4 4. Bc4 Nf6 5. e5 d5 6. Bb5 Ne4 7. Nxd4 Bd7 8. Bxc6 bxc6 9. 0-0 Bc5 10. Be3 Qe7 11. f3 Nd6 12. Re1 Nc4 13. Bc1 Nxe5 14. Kh1 0-0 15. Bf4 Bxd4 16. Qxd4 Nxf3 17. Qxg7+ Kxg7 18. Rxe7 Rae8 19. Rxe8 Rxe8 20. gxf3 Re1+ 21. Kg2 Bf5 22. b4 f6 23. Bd2 Re2+ 24. Kg3 Bxc2 25. Bc3 Re3 26. Bb2 Rd3 27. Nc3 Kg6 28. Ne2 Rd2 29. Nf4+ Kf7 30. Bc3 Rd1 31. Rxd1 Bxd1 32. Bd4 a6 33. Nh5 f5 34. Kf4 Kg6 35. Ng7 Bc2 36. Ne8 Kh5 37. Nxc7 Bd3 38. Ne6 Kh4 39. Ng5 h6 40. Nf7 h5 41. Ng5 Bb1 42. Bf2# 1-0

[Event "GER-chT U14"]
[Site "Lingen"]
[Date "2011.12.27"]
[Round "2.1"]
[White "Schmuecker, Felix"]
[Black "Kramer, Julian"]
[Result "0-1"]
[WhiteElo "2062"]
[BlackElo "2047"]
[PlyCount "92"]
[EventDate "2011.12.27"]
[EventType "team-swiss"]
[EventRounds "7"]
[EventCountry "GER"]
[SourceTitle "EXT 2022"]
[Source "ChessBase"]
[SourceDate "2021.10.06"]
[SourceVersion "1"]
[SourceVersionDate "2021.10.06"]
[SourceQuality "1"]
[WhiteTeam "Leipzig Gruen Weiss U14"]
[BlackTeam "Hamburger SK U14"]
[WhiteTeamCountry "GER"]
[BlackTeamCountry "GER"]

1. e4 c5 2. Nf3 d6 3. d4 cxd4 4. Nxd4 Nf6 5. Nc3 a6 6. Bg5 e6 7. f4 Qb6 8. Qd2 Qxb2 9. Rb1 Qa3 10. e5 h6 11. Bh4 dxe5 12. fxe5 Nfd7 13. Ne4 Qxa2 14. Rd1 Qd5 15. Qe3 Qxe5 16. Be2 Bc5 17. Bg3 Bxd4 18. Rxd4 Qa5+ 19. Rd2 0-0 20. Bd6 Rd8 21. Qg3 Nc6 22. Bc7 Qa1+ 23. Rd1 Qb2 24. 0-0 Rf8 25. Bd6 Nd4 26. Bd3 Nf5 27. Qf3 Nxd6 28. Nxd6 Ne5 29. Qe4 Nxd3 30. Rxd3 Qxc2 31. Nxf7 Qc5+ 32. Kh1 Rxf7 33. Rd8+ Rf8 34. Rdxf8+ Qxf8 35. Rxf8+ Kxf8 36. Qh7 a5 37. g4 a4 38. g5 hxg5 39. Qh8+ Kf7 40. Qh5+ Kf6 41. Qf3+ Kg6 42. Qd3+ Kf7 43. Qd8 a3 44. Qxg5 Bd7 45. Qf4+ Kg8 46. Qd6 a2 0-1

[Event "Sachsen-ch U14"]
[Site "Sebnitz"]
[Date "2011.04.30"]
[Round "7"]
[White "Thamm, Merlin Jannes"]
[Black "Schmuecker, Felix"]
[Result "1/2-1/2"]
[WhiteElo "1695"]
[BlackElo "1903"]
[PlyCount "50"]
[EventDate "2011.04.26"]
[EventType "swiss"]
[EventRounds "7"]
[EventCountry "GER"]
[SourceTitle "EXT 2012"]
[Source "ChessBase"]
[SourceDate "2011.11.24"]
[SourceVersion "1"]
[SourceVersionDate "2011.11.24"]
[SourceQuality "1"]

1. e4 c5 2. Nf3 e6 3. d3 Nc6 4. g3 d6 5. Bg2 g6 6. 0-0 Bg7 7. Ng5 Nge7 8. f4 0-0 9. c3 d5 10. Nd2 b6 11. h4 Ba6 12. Rf3 Qd7 13. Qe1 Rad8 14. e5 h6 15. Nh3 f6 16. exf6 Rxf6 17. Nf2 Nf5 18. Nf1 Re8 19. Ng4 Rf7 20. Ne5 Nxe5 21. fxe5 Ref8 22. Nh2 Qc7 23. Ng4 Bc8 24. Nf6+ Bxf6 25. exf6 Rxf6 1/2-1/2

[Event "Sachsen-ch U14"]
[Site "Sebnitz"]
[Date "2011.04.29"]
[Round "5"]
[White "Schmuecker, Felix"]
[Black "Reiche, Niccolo"]
[Result "1-0"]
[WhiteElo "1903"]
[BlackElo "1470"]
[PlyCount "64"]
[EventDate "2011.04.26"]
[EventType "swiss"]
[EventRounds "7"]
[EventCountry "GER"]
[SourceTitle "EXT 2012"]
[Source "ChessBase"]
[SourceDate "2011.11.24"]
[SourceVersion "1"]
[SourceVersionDate "2011.11.24"]
[SourceQuality "1"]

1. c4 e5 2. b3 Nc6 3. Bb2 Bc5 4. e3 Nf6 5. d3 0-0 6. Nf3 d6 7. Be2 h6 8. a3 a6 9. Qc2 Bf5 10. Nbd2 Qe7 11. Qc3 Rfe8 12. Rc1 Bb6 13. 0-0 Rad8 14. Rfe1 Bg6 15. Bf1 Qf8 16. b4 e4 17. dxe4 Nxe4 18. Nxe4 Bxe4 19. Be2 Ne5 20. Nxe5 Rxe5 21. c5 Rg5 22. f3 Bxf3 23. Bxf3 dxc5 24. Bxb7 cxb4 25. axb4 Rb5 26. Bxa6 Rxb4 27. Ba3 Ba5 28. Qc2 Qe8 29. Bxb4 Bxb4 30. Re2 Rd2 31. Rxd2 Qxe3+ 32. Rf2 Bc5 1-0